Neznámá potěšení = Unknown pleasures : pohled do nitra Joy Division /

Hlavní autor: Hook, Peter, 1956-
Další autoři: Janeček, Milan, 1977-
Jazyk: Čeština
Vydáno: Praha : Volvox Globator, 2019
Vydání: Vydání první
Témata:
Fyzický popis: 261 stran ; 24 cm
Knihy
Uloženo v:
LEADER 02403nam a2200637 i 4500
001 nkc20193164211
003 CZ PrNK
005 20210219095351.0
007 ta
008 191210s2019 xr g 000 0acze
015 |a cnb003164211 
020 |a 978-80-7511-497-6  |q (vázáno) 
035 |a (OCoLC)1140094378 
040 |a ABA001  |b cze  |e rda 
041 1 |a cze  |h eng 
043 |a e-uk--- 
045 |a x7x8 
072 7 |a 78.07  |x Hudebníci, skladatelé a jiná hudební povolání  |2 Konspekt  |9 9 
072 7 |a 929  |x Biografie  |2 Konspekt  |9 8 
080 |a 785.16.071  |2 MRF 
080 |a 78.071.1/.2  |2 MRF 
080 |a 78-027.22  |2 MRF 
080 |a 929  |2 MRF 
080 |a (410)  |2 MRF 
080 |a (092)  |2 MRF 
080 |a (0:82-94)  |2 MRF 
100 1 |a Hook, Peter,  |d 1956-  |7 ola2002152138  |4 aut 
240 1 0 |a Unknown pleasures.  |l Česky 
245 1 0 |a Neznámá potěšení =  |b Unknown pleasures : pohled do nitra Joy Division /  |c Peter Hook ; z anglického originálu Unknown pleasures: inside Joy Division ... přeložil Milan Janeček 
246 3 0 |a Pohled do nitra Joy Division 
246 3 1 |a Unknown pleasures 
250 |a Vydání první 
264 1 |a Praha :  |b Volvox Globator,  |c 2019 
300 |a 261 stran ;  |c 24 cm 
336 |a text  |b txt  |2 rdacontent 
337 |a bez média  |b n  |2 rdamedia 
338 |a svazek  |b nc  |2 rdacarrier 
600 1 7 |a Hook, Peter,  |d 1956-  |7 ola2002152138  |2 czenas 
610 2 7 |a Joy Division (hudební skupina)  |7 xx0028512  |2 czenas 
648 4 |a 1976-1980 
648 7 |a 20. století  |7 ch460558  |2 czenas 
650 0 7 |a hudební skupiny  |7 ph120924  |z Velká Británie  |y 20. století  |2 czenas 
650 0 7 |a rockoví hudebníci  |7 ph125178  |z Velká Británie  |y 20. století  |2 czenas 
650 0 7 |a hudební život  |7 ph135177  |z Velká Británie  |y 20. století  |2 czenas 
650 0 9 |a musical groups  |z Great Britain  |y 20th century  |2 eczenas 
650 0 9 |a rock musicians  |z Great Britain  |y 20th century  |2 eczenas 
650 0 9 |a musical life  |z Great Britain  |y 20th century  |2 eczenas 
655 7 |a autobiografie  |7 fd131855  |2 czenas 
655 7 |a vzpomínky  |7 fd133830  |2 czenas 
655 9 |a autobiography  |2 eczenas 
655 9 |a reminiscences  |2 eczenas 
700 1 |a Janeček, Milan,  |d 1977-  |7 jo20201061687  |4 trl 
910 2 |a BOA001  |b 2-1450.439 
990 |a BK 
995 |a 01 
996 6 |b 2610830333  |c 2-1450.439  |l MZK  |r Sklad / do 1 hodiny  |n 1  |p p.v.  |w 001813354  |u 000010  |a 1  |e BOA001  |j MZK50  |s P